000 00735nam a2200205 a 4500
005 20161215115632.0
008 161215s2002 ck |||||r|||| 00| 0 spa d
040 _aCO-BoIAVH
_cCO-BoIAVH
041 0 _aspa
044 _ack
090 _aEA-
_b420
245 0 0 _aTinjacá :
_bagendas ambientales municipales
260 _aVilla de Leyva (Boyacá, Colombia) :
_bCorporación Colegio Verde de Villa de Leyva :
_bEcofondo,
_c2002.
300 _a26 páginas ;:
_btablas ;
_c22 x 28 cm.
490 _aCuadernos verdes
650 2 6 _aProtección ambiental
_zTinjacá (Boyacá, Colombia)
_vAgenda
650 2 6 _aEducación ambiental
_zTinjacá (Boyacá, Colombia)
662 _aColombia
_dTinjacá
_bBoyacá
942 _cFolleto
_2z
999 _c6979
_d6979